| 000 | 00000nam##2200000za#4500 |
| 001 | 9.572324 |
| 003 | CaOODSP |
| 005 | 20210624183149 |
| 007 | cr ||||||||||| |
| 008 | 150406|1998||||xxc|||||o f|0| 0 eng|d |
| 040 | |aCaOODSP|beng |
| 043 | |an-cn--- |
| 086 | 1 |aF21-6/1998-6E-PDF |
| 110 | 1 |aCanada.|bDepartment of Finance.|bTask Force on the Future of the Canadian Financial Services Sector. |
| 245 | 10|aCorporate banking relationships in Canada : |h[electronic resource]|bthe CFO view / |cby the Conference Board of Canada. |
| 260 | |aOttawa - Ontario : |bFinance Canada. |cSeptember 1998. |
| 300 | |a55p.|bgraphs, tables |
| 490 | 1 |aResearch paper prepared for the Task Force on the Future of the Canadian Financial Services Sector |
| 500 | |aIncorrect catalogue number (BT22-61/3-1998E-6) copied in this PDF edition. The ISBN (0-662-27144-0) for the print edition has been incorrectly copied in this electronic publication. |
| 590 | |a11-29-Supp|b2011-11-25 |
| 690 | 07|aBanking|2gcpds |
| 710 | 2 |aConference Board of Canada. |
| 775 | 08|tLes relations entre les banques et les entreprises au Canada : |w(CaOODSP)9.602701 |
| 776 | 0#|tCorporate banking relationships in Canada : |w(CaOODSP)9.614533 |
| 830 | #0|aResearch paper prepared for the Task Force on the Future of the Canadian Financial Services Sector.|w(CaOODSP)9.506754 |
| 856 | 40|ahttp://publications.gc.ca|qPDF|s204 KB|uhttps://publications.gc.ca/collections/Collection/F21-6-1998-6E.pdf |